000
00286nam a2200121Ia 4500
005
20251222154322.0
008
251222s9999||||xx |||||||||||||| ||spa||
020
_a
84-206-0620-0
082
_a
869.96/M23
100
_a
"Martí Perez, José Julián"
245
0
_a
Crónicas
942
_c
LIB
999
_c
33808
_d
33808